Бариты бассейна р. Сумбара в Туркменской Республике; К анализу баритов; Микроскопическое исследование образцов жил барита из бассейна р. Сумбара

Bibliografiske detaljer
Hovedforfatter: Никшич И. И.
Institution som forfatter: СССР Геологический комитет (Геолком)
Sprog:russisk
engelsk
Udgivet: Ленинград, Издание Геологического комитета, 1926
Copublished:Ю. В. Морачевский. К анализу баритов; И. В. Пуаре. Микроскопическое исследование образцов жил барита из бассейна р. Сумбара
Serier:Материалы по общей и прикладной геологии Вып. 113
Fag:
Format: MixedMaterials Bog
KOHA link:https://koha.lib.tpu.ru/cgi-bin/koha/opac-detail.pl?biblionumber=329361

MARC

LEADER 00000nam0a2200000 4500
001 329361
005 20231102004143.0
035 |a (RuTPU)RU\TPU\book\355121 
090 |a 329361 
100 |a 20170314d1926 k y0rusy50 ca 
101 0 |a rus  |a eng 
102 |a RU 
105 |a a z 001zy 
200 1 |a Бариты бассейна р. Сумбара в Туркменской Республике  |f И. И. Никшич  |g СССР, Геологический комитет (Геолком) 
210 |a Ленинград  |c Издание Геологического комитета  |d 1926 
215 |a 38 с.  |c ил. 
225 1 |a Материалы по общей и прикладной геологии  |v Вып. 113 
320 |a Библиогр. в конце ст. 
423 |t К анализу баритов  |f Ю. В. Морачевский 
423 |t Микроскопическое исследование образцов жил барита из бассейна р. Сумбара  |f И. В. Пуаре  |a Пуаре, И. В. 
606 1 |a Баритовые месторождения  |2 stltpush  |3 (RuTPU)RU\TPU\subj\28081  |9 51682 
610 1 |a бариты 
610 1 |a Туркмения 
610 1 |a библиотека М. А. Усова 
675 |a 553.689  |v 4 
700 1 |a Никшич  |b И. И. 
712 0 1 |a СССР  |b Геологический комитет (Геолком)  |c (1922-1930)  |2 stltpush  |3 (RuTPU)RU\TPU\col\18484 
801 1 |a RU  |b 63413507  |c 20170314 
801 2 |a RU  |b 63413507  |c 20190124  |g RCR 
942 |c BK